[Event "91st GER-ch 2020"]
[Site "Magdeburg"]
[Date "2020.08.20"]
[Round "6.15"]
[White "Gustain, Marc"]
[Black "Koellner, Ruben Gideon"]
[Result "1/2-1/2"]
[WhiteElo "2173"]
[BlackElo "2376"]
[Annotator "TA"]
[PlyCount "124"]
[EventDate "2020.08.16"]
[EventType "swiss"]
[EventCountry "GER"]
[SourceTitle "playchess.com"]
[Source "ChessBase"]
[SourceQuality "1"]

{[%evp 9,124,16,29,22,25,19,21,20,44,16,17,12,43,32,57,23,6,3,32,20,26,10,18,10,24,6,49,50,48,1,12,2,5,8,11,4,48,-9,-14,-5,-4,-17,-14,-15,-15,-22,-22,-42,-43,-45,0,-6,-20,-26,0,-23,-4,-49,0,0,0,-12,0,-38,-29,-29,-28,-27,0,0,52,21,73,8,47,25,25,23,26,27,29,0,21,18,33,26,26,28,31,34,29,22,63,12,12,12,12,12,12,0,12,0,12,0,0,0,0,-8,-8,-8,-8,-8,-8,-8,-8,-8,-4]} 1. e4 d6 2. d4 Nf6 3. Nc3 e5 4. Nge2 c6 5. h3 Be7 6. Be3 {B07: Pirc Defence: Miscellaneous Systems.} b5 7. a3 O-O 8. g4 {[#]} Bb7 $146 ({Predecessor:} 8... a6 9. Bg2 Re8 10. O-O Bf8 11. Ng3 g6 12. f4 exf4 13. Bxf4 Qb6 14. Qf3 Bg7 {1-0 (25) Garrido Outon,A (2167)-Suarez Uriel,A (2397) La Roda 2019}) 9. Bg2 (9. g5 $5 {[%cal Rg5f6]} Nfd7 10. h4 $11) 9... a5 10. Ng3 Re8 11. O-O Bf8 12. f4 exd4 13. Bxd4 {Black should prevent e5.} b4 14. axb4 (14. Na4 {seems wilder.} Nfd7 15. b3 Na6 16. axb4 axb4 17. Qd2) 14... axb4 15. Rxa8 Bxa8 16. Nce2 Na6 17. Qa1 Nc5 18. Bxc5 $1 dxc5 19. Rd1 Qc7 $1 20. c4 bxc3 $1 21. bxc3 Bb7 $1 22. Qa2 Nd7 23. g5 (23. e5 $14) 23... Ra8 $11 24. Qd2 Nb6 25. Nf5 Ba6 26. Neg3 Bc4 27. Qf2 Be6 28. Ne3 Ra2 29. Qf3 Nc4 30. Nxc4 Bxc4 31. Qe3 Qa5 32. Nf5 Rc2 33. Rc1 Rxc1+ 34. Qxc1 Bd3 35. Qb2 {[#] Hoping for Qb8!} Qb5 36. Qa1 {aiming for Qa8!} Qb8 37. Qc1 $1 c4 38. Kf2 Qd8 39. Kg3 Be2 (39... h5 $11) 40. Qe3 (40. Nd4 $5 {[%cal Rd4e2]} Bd3 41. Nxc6 $14) 40... Qd3 {[#]} (40... Bd3 $11 {keeps the balance.}) 41. Bf3 (41. Kf2 $1 $16) 41... Bf1 (41... Bxf3 {with more complications.} 42. Qxd3 cxd3 43. Kxf3 Ba3 44. Ke3 Bc1+) 42. Qxd3 (42. h4 {keeps more tension.} h6 43. gxh6 g6 44. Qxd3 Bxd3 45. Ne3) 42... Bxd3 $14 {[%mdl 4096] Endgame KBB-KBN} 43. Nd4 Ba3 44. Nxc6 Kf8 45. Nd4 Bb2 46. Nb5 Bc2 47. e5 Ba4 48. Nd6 Bxc3 {...Be1+ is the strong threat.} 49. Nxc4 Be1+ 50. Kg2 Bb3 51. Nd6 ({White should try} 51. Bd5 $14) 51... Bd2 $11 {The position is equal.} 52. Kg3 Be1+ 53. Kg4 g6 54. Be4 Bd1+ 55. Bf3 Bb3 56. f5 gxf5+ 57. Kxf5 Be6+ 58. Kf4 (58. Kf6 {looks sharper.} Ba5 59. Nb7 Bb4 60. Nd6 Ba5) 58... Bd2+ 59. Kg3 Bxg5 60. Be4 h6 61. Nf5 Bc1 62. h4 Bb2 {Accuracy: White = 77%, Black = 75%.} 1/2-1/2

[Event "91st GER-ch 2020"]
[Site "Magdeburg"]
[Date "2020.08.20"]
[Round "6.16"]
[White "Hundack, Rolf"]
[Black "Weber, Max"]
[Result "0-1"]
[WhiteElo "2126"]
[BlackElo "2243"]
[Annotator "ChessBase"]
[PlyCount "148"]
[EventDate "2020.08.16"]
[EventType "swiss"]
[EventCountry "GER"]
[SourceTitle "playchess.com"]
[Source "ChessBase"]
[SourceQuality "1"]
[TimeControl "40/5400+30:1800+30"]

1. d4 {[%emt 0:00:12]} Nf6 {[%emt 0:00:00]} 2. Nf3 {[%emt 0:00:44]} d5 {[%emt 0:00:00]} 3. g3 {[%emt 0:02:45]} g6 {[%emt 0:02:47]} 4. Bg2 {[%emt 0:01:31]} Bg7 {[%emt 0:00:07]} 5. O-O {[%emt 0:01:03]} O-O {[%emt 0:00:13]} 6. Bf4 {[%emt 0:03:38]} c6 {[%emt 0:03:29]} 7. Nbd2 {[%emt 0:06:32]} Nbd7 {[%emt 0:05:31]} 8. c4 {[%emt 0:05:14]} dxc4 {[%emt 0:10:17]} 9. Nxc4 {[%emt 0:01:39]} Nb6 {[%emt 0:03:14]} 10. Nce5 {[%emt 0:04:57]} Bf5 {[%emt 0:08:37]} 11. Qc1 {[%emt 0:05:17]} Be4 {[%emt 0:04:32]} 12. Bh6 {[%emt 0:04:27]} Qd5 {[%emt 0:08:12]} 13. Rd1 {[%emt 0:03:59]} Rad8 {[%emt 0:02:05]} 14. Bxg7 {[%emt 0:02:53]} Kxg7 {[%emt 0:00:11]} 15. Ne1 {[%emt 0:04:46]} Bxg2 {[%emt 0:02:28]} 16. Nxg2 {[%emt 0:00:44]} Qd6 {[%emt 0:09:19]} 17. Nh4 {[%emt 0:18:23]} Nbd7 {[%emt 0:07:17]} 18. Qg5 {[%emt 0:09:03]} Qe6 {[%emt 0:02:01]} 19. Nd3 {[%emt 0:10:53]} Qxe2 {[%emt 0:09:35]} 20. f3 {[%emt 0:07:51]} Nd5 {[%emt 0:03:56]} 21. Nf2 {[%emt 0:01:15]} f6 {[%emt 0:06:36]} 22. Qg4 {[%emt 0:01:25]} f5 {[%emt 0:02:45]} 23. Qg5 {[%emt 0:00:38]} Qe3 {[%emt 0:00:55]} 24. f4 {[%emt 0:00:31]} Qe6 {[%emt 0:00:38]} 25. Re1 {[%emt 0:00:47]} Qf6 {[%emt 0:01:01]} 26. Nf3 {[%emt 0:00:39]} h6 {[%emt 0:00:45]} 27. Qxf6+ {[%emt 0:00:37]} Kxf6 {[%emt 0:00:24]} 28. Nd3 {[%emt 0:00:22]} Nc7 {[%emt 0:03:32]} 29. Re2 {[%emt 0:00:20]} e6 {[%emt 0:01:02]} 30. Rae1 {[%emt 0:00:15]} Rfe8 {[%emt 0:01:13]} 31. a3 {[%emt 0:01:12]} Re7 {[%emt 0:00:29]} 32. Nd2 {[%emt 0:00:32]} Nb5 {[%emt 0:01:24]} 33. Nf3 {[%emt 0:00:29]} Nf8 {[%emt 0:00:49]} 34. Nc5 {[%emt 0:00:55]} Nxd4 {[%emt 0:00:30]} 35. Nxd4 {[%emt 0:00:02]} Rxd4 {[%emt 0:00:10]} 36. Re3 {[%emt 0:00:45]} b6 {[%emt 0:00:27]} 37. Nd3 {[%emt 0:00:17]} Nd7 {[%emt 0:00:27]} 38. Nb4 {[%emt 0:00:43]} Rd6 {[%emt 0:00:32]} 39. Nd3 {[%emt 0:00:30]} Rd4 {[%emt 0:00:38]} 40. Nb4 {[%emt 0:00:33]} Rd6 {[%emt 0:00:02]} 41. Nd3 {[%emt 0:00:42]} c5 {[%emt 0:05:45]} 42. Ne5 {[%emt 0:02:04]} g5 {[%emt 0:03:14]} 43. Nd3 {[%emt 0:05:13]} Rd5 {[%emt 0:01:45]} 44. Rf1 {[%emt 0:06:49]} e5 {[%emt 0:04:34]} 45. fxg5+ {[%emt 0:05:24]} hxg5 {[%emt 0:00:36]} 46. Nf2 {[%emt 0:01:12]} Kg6 {[%emt 0:02:11]} 47. h4 {[%emt 0:01:24]} g4 {[%emt 0:01:33]} 48. Nd3 {[%emt 0:03:11]} Kf6 {[%emt 0:02:28]} 49. Nf2 {[%emt 0:01:45]} Kg6 {[%emt 0:00:59]} 50. Nd3 {[%emt 0:01:01]} Rf7 {[%emt 0:01:50]} 51. Rfe1 {[%emt 0:01:49]} c4 {[%emt 0:03:33]} 52. Nxe5+ {[%emt 0:01:15]} Nxe5 {[%emt 0:00:08]} 53. Rxe5 {[%emt 0:00:03]} Rxe5 {[%emt 0:00:07]} 54. Rxe5 {[%emt 0:00:02]} Rd7 {[%emt 0:02:25]} 55. Re6+ {[%emt 0:01:22]} Kf7 {[%emt 0:00:13]} 56. Rc6 {[%emt 0:00:07]} Rd3 {[%emt 0:02:28]} 57. Kf2 {[%emt 0:01:36]} Rf3+ {[%emt 0:00:14]} 58. Kg2 {[%emt 0:00:16]} Rb3 {[%emt 0:00:32]} 59. Rxc4 {[%emt 0:00:39]} Rxb2+ {[%emt 0:00:06]} 60. Kh1 {[%emt 0:02:03]} Rb3 {[%emt 0:01:19]} 61. Rc7+ {[%emt 0:00:16]} Kf6 {[%emt 0:00:22]} 62. Rxa7 {[%emt 0:00:51]} Rxg3 {[%emt 0:00:10]} 63. Ra6 {[%emt 0:00:24]} Rb3 {[%emt 0:01:35]} 64. a4 {[%emt 0:00:20]} Ke5 {[%emt 0:00:27]} 65. a5 {[%emt 0:01:19]} b5 {[%emt 0:00:13]} 66. Ra8 {[%emt 0:00:57]} Kf4 {[%emt 0:00:11]} 67. Kg2 {[%emt 0:00:43]} Rb2+ {[%emt 0:00:08]} 68. Kf1 {[%emt 0:00:18]} Kf3 {[%emt 0:00:19]} 69. Ke1 {[%emt 0:01:11]} g3 {[%emt 0:00:19]} 70. h5 {[%emt 0:00:43]} g2 {[%emt 0:00:25]} 71. Rg8 {[%emt 0:00:16]} Rb1+ {[%emt 0:00:21]} 72. Kd2 {[%emt 0:00:02]} g1=Q {[%emt 0:00:35]} 73. Rxg1 {[%emt 0:00:07]} Rxg1 {[%emt 0:00:04]} 74. a6 {[%emt 0:00:31]} Ra1 {[%emt 0:00:11]} 0-1

[Event "91st GER-ch 2020"]
[Site "Magdeburg"]
[Date "2020.08.20"]
[Round "6.17"]
[White "Schulz, Lukas"]
[Black "Falke, Isaak"]
[Result "1-0"]
[WhiteElo "2293"]
[BlackElo "2113"]
[Annotator "RC"]
[PlyCount "85"]
[EventDate "2020.08.16"]
[EventType "swiss"]
[EventCountry "GER"]
[SourceTitle "playchess.com"]
[Source "ChessBase"]
[SourceQuality "1"]
[TimeControl "40/5400+30:1800+30"]

1. e4 {[%emt 0:00:00]} e5 {[%emt 0:04:57]} 2. f4 {[%emt 0:00:00]} exf4 {[%emt 0:00:09]} 3. Nf3 {[%emt 0:00:00]} g5 {[%emt 0:01:10]} 4. Nc3 {[%emt 0:01:09]} g4 {[%emt 0:00:42]} 5. Ne5 {[%emt 0:01:48]} h5 {[%emt 0:23:21]} 6. Bc4 {[%emt 0:00:54]} Qh4+ {[%emt 0:03:30]} 7. Kf1 {[%emt 0:00:44]} Nh6 {[%emt 0:13:40]} 8. d4 {[%emt 0:04:29]} d6 {[%emt 0:00:15]} 9. Nd3 {[%emt 0:03:38]} f3 {[%emt 0:00:31]} 10. Bf4 {[%emt 0:05:23]} Nc6 {[%emt 0:13:40]} 11. Nb5 {[%emt 0:07:43]} Qd8 {[%emt 0:04:30]} 12. d5 {[%emt 0:17:20]} Na5 {[%emt 0:00:15]} 13. Bb3 {[%emt 0:00:03]} Bd7 {[%emt 0:13:04]} 14. Nc3 {[%emt 0:02:35]} Bg7 {[%emt 0:02:14]} 15. Qd2 {[%emt 0:01:08]} f6 {[%emt 0:04:07]} 16. gxf3 {[%emt 0:03:55]} Qe7 {[%emt 0:01:55]} 17. h3 {[%emt 0:00:58]} gxf3 {[%emt 0:00:26]} 18. Qf2 {[%emt 0:00:24]} Nf7 {[%emt 0:00:49]} 19. Ne1 {[%emt 0:01:27]} Ne5 {[%emt 0:01:20]} 20. Kg1 {[%emt 0:06:39]} Nac4 {[%emt 0:04:51]} 21. Bxc4 {[%emt 0:03:00]} Nxc4 {[%emt 0:00:02]} 22. Nxf3 {[%emt 0:00:09]} Nb6 {[%emt 0:00:45]} 23. Nh4 {[%emt 0:02:31]} Qf7 {[%emt 0:01:33]} 24. Kh2 {[%emt 0:02:36]} O-O-O {[%emt 0:00:06]} 25. Raf1 {[%emt 0:00:59]} Kb8 {[%emt 0:00:33]} 26. Be3 {[%emt 0:00:48]} Rde8 {[%emt 0:00:40]} 27. Rhg1 {[%emt 0:03:10]} f5 {[%emt 0:01:10]} 28. Rxg7 {[%emt 0:01:15]} Qxg7 {[%emt 0:00:06]} 29. Bd4 {[%emt 0:00:03]} Qg5 {[%emt 0:01:09]} 30. Bxh8 {[%emt 0:00:30]} Rxh8 {[%emt 0:00:01]} 31. exf5 {[%emt 0:00:50]} Qf6 {[%emt 0:01:23]} 32. Qf4 {[%emt 0:05:48]} Re8 {[%emt 0:01:09]} 33. Rf2 {[%emt 0:02:21]} Re5 {[%emt 0:00:36]} 34. Ne4 {[%emt 0:00:44]} Qd8 {[%emt 0:01:29]} 35. c4 {[%emt 0:01:02]} Bxf5 {[%emt 0:00:35]} 36. Nxf5 {[%emt 0:00:35]} Nxc4 {[%emt 0:00:18]} 37. Nexd6 {[%emt 0:00:58]} cxd6 {[%emt 0:00:42]} 38. Qxc4 {[%emt 0:00:05]} Qf6 {[%emt 0:00:38]} 39. Rg2 {[%emt 0:05:55]} a6 {[%emt 0:00:27]} 40. Rg8+ {[%emt 0:01:31]} Ka7 {[%emt 0:00:02]} 41. Qd4+ {[%emt 0:30:08]} b6 {[%emt 0:30:23]} 42. Rg7+ {[%emt 0:00:51]} Ka8 {[%emt 0:00:08]} 43. Qc4 {[%emt 0:00:24]} 1-0

[Event "91st GER-ch 2020"]
[Site "Magdeburg"]
[Date "2020.08.20"]
[Round "7.1"]
[White "Siebrecht, Sebastian"]
[Black "Graf, Alexander"]
[Result "0-1"]
[WhiteElo "2417"]
[BlackElo "2569"]
[Annotator "TA"]
[PlyCount "70"]
[EventDate "2020.08.16"]
[EventType "swiss"]
[EventCountry "GER"]
[SourceTitle "playchess.com"]
[Source "ChessBase"]
[SourceQuality "1"]

{[%evp 13,70,4,0,-17,28,15,20,19,30,16,22,14,33,0,0,0,0,-8,41,-4,0,-28,-8,-7,-7,-1,0,-30,-21,-26,-20,-35,0,-36,-14,-26,-18,-70,-39,-55,-79,-39,-38,-112,-105,-122,-108,-99,-111,-375,-375,-669,-622,-2085,-1783,-6403,-5825,-2096,-2000]} 1. d4 Nf6 2. c4 e6 3. Nf3 b6 4. g3 Bb7 5. Bg2 Be7 6. Nc3 O-O 7. d5 {7.Qc2 is a critical line.} Bb4 8. O-O {[#] E17: Queen's Indian: 4 g3 Bb7 5 Bg2 Be7.} c6 $146 {[%cal Rc6d5]} (8... Bxc3 $5 9. bxc3 Na6 $11) ({Predecessor:} 8... Bxc3 9. bxc3 Na6 10. Nd4 Nc5 11. Ba3 d6 12. dxe6 Bxg2 13. exf7+ Rxf7 14. Kxg2 Ng4 15. Nf3 Ne4 {½-½ (30) Van Wely,L (2640)-Tomashevsky,E (2728) Wijk aan Zee 2016}) 9. dxe6 dxe6 10. Qc2 {The position is equal.} Nbd7 11. a3 Bd6 12. Rd1 Qe7 13. Ng5 Rad8 14. b4 h6 15. Nge4 Be5 16. Bb2 c5 17. b5 (17. Rab1 {feels hotter.} Bxe4 18. Nxe4 Bxb2 19. Qxb2 Nxe4 20. Bxe4 Nf6 21. Bf3) 17... Nxe4 18. Bxe4 Nf6 19. Bxb7 Qxb7 20. Rxd8 Rxd8 21. Rd1 Rd7 22. Rd3 Kf8 23. Qd2 Ke8 24. Rxd7 (24. f3 {is interesting.} Rxd3 25. Qxd3 Qd7 26. Nd1 Qxd3 27. exd3 Bxb2 28. Nxb2 Ke7 29. Nd1) 24... Nxd7 25. f4 (25. Qc2 $11) 25... Bf6 26. e3 Bxc3 27. Bxc3 Qe4 28. Bxg7 (28. Qe2 $1 $15) 28... Qxc4 $17 29. Bxh6 Qxb5 30. Qc2 c4 31. Bg7 $2 {[%mdl 8192] [#] This costs White the game.} (31. Bg5 $17 {was the only chance.}) 31... Qb3 $19 32. Qd2 $2 (32. Qc1 f6 33. e4) 32... f6 {Black is clearly winning.} 33. Kf2 c3 34. Qd3 Qb2+ 35. Kf3 c2 {Accuracy: White = 45%, Black = 80%.} 0-1

[Event "91st GER-ch 2020"]
[Site "Magdeburg"]
[Date "2020.08.20"]
[Round "7.2"]
[White "Engel, Luis"]
[Black "Heinemann, Thies"]
[Result "1-0"]
[WhiteElo "2532"]
[BlackElo "2507"]
[Annotator "TA"]
[PlyCount "91"]
[EventDate "2020.08.16"]
[EventType "swiss"]
[EventCountry "GER"]
[SourceTitle "playchess.com"]
[Source "ChessBase"]
[SourceQuality "1"]

{[%evp 11,91,29,19,19,31,22,20,0,0,0,18,22,36,44,55,63,72,31,76,67,88,60,65,41,44,20,38,27,25,33,35,27,81,81,82,37,38,33,37,0,0,0,0,-62,-85,-127,0,-8,0,-8,-12,-17,0,0,362,427,417,418,419,420,405,393,410,398,394,393,385,376,589,581,600,589,572,539,746,686,873,870,1126,1091,29992,29993]} 1. e4 c5 2. Nf3 d6 3. Bb5+ Nd7 4. d4 Ngf6 5. O-O cxd4 6. Qxd4 e5 7. Qd3 {B51: Sicilian: Moscow Variation (3 Bb5+) without 3...Bd7.} Be7 8. Bg5 O-O 9. Nc3 {The position is equal.} Nc5 10. Qe2 Be6 {[#]} 11. Bc4 $146 ({Predecessor:} 11. Bxf6 Bxf6 12. Bc4 Rc8 13. Bd5 Be7 14. Rfd1 Kh8 15. Bxe6 fxe6 16. Nxe5 Qc7 17. Nf3 {0-1 (31) Da Silva,A (2072)-Alves Campelo,D (2037) Recife 2018}) 11... Ne8 12. Be3 Rc8 13. Bxe6 fxe6 14. Rad1 Bf6 15. Qc4 Qb6 16. Bxc5 dxc5 17. b3 Rc6 18. Na4 {[%cal Bc3a4,Ba4b2,Bb2d3][%mdl 32]} Qb4 19. Nb2 b5 20. Qxb4 cxb4 21. Nd3 Be7 (21... Rxc2 $11 {keeps the balance.} 22. Nxb4 Re2) 22. Rd2 $16 Nf6 23. Ndxe5 Ra6 24. Re1 Rxa2 25. Nc6 Bc5 26. h3 Rc8 27. Nfe5 (27. Ncd4 $1 $11) 27... a5 $15 28. Red1 {aiming for Rd8+.} g5 (28... h6 $17 29. Re2 a4) 29. Rd8+ Rxd8 30. Nxd8 Nxe4 31. Nxe6 Bxf2+ 32. Kf1 {[%cal Rd1d8]} Bb6 $2 {[%mdl 8192]} (32... h5 $1 $11 {and Black stays safe.} 33. Rd8+ Kh7) 33. Rd7 $1 $18 {[%cal Rd7g7] Intending Rg7+ and mate.} Ng3+ 34. Ke1 Ra1+ 35. Kd2 Ne4+ {[#]} 36. Ke2 $1 {White wants to mate with Rg7+.} Ng3+ {[#]} 37. Kf3 $1 {[%mdl 512]} Nf5 {Hoping for ...Re1.} 38. Kg4 Rf1 39. Rb7 {Threatening mate with Rb8+.} Bd8 (39... h5+ $142 40. Kxh5 Bd4) 40. Nxd8 Nd6 41. Rb8 Kg7 42. Ne6+ Kh6 43. Nxg5 Nf5 {If Black can now play ...Ne3+ this consolidates a bit.} 44. Rg8 {[%cal Rg5f7]} Ne3+ 45. Kg3 {White threatens Ngf7+ and mate.} Kh5 46. Ngf3 {Accuracy: White = 83%, Black = 66%.} 1-0

[Event "91st GER-ch 2020"]
[Site "Magdeburg"]
[Date "2020.08.20"]
[Round "7.3"]
[White "Muckle, Julius"]
[Black "Parvanyan, Ashot"]
[Result "1-0"]
[WhiteElo "2386"]
[BlackElo "2449"]
[Annotator "TA"]
[PlyCount "87"]
[EventDate "2020.08.16"]
[EventType "swiss"]
[EventCountry "GER"]
[SourceTitle "playchess.com"]
[Source "ChessBase"]
[SourceQuality "1"]

{[%evp 18,87,9,4,39,36,33,25,32,11,25,22,22,0,0,0,0,0,0,0,0,0,0,0,39,-39,-8,-30,-38,-22,4,2,101,104,99,93,90,88,91,94,87,97,102,92,96,98,97,77,98,51,52,33,58,34,70,86,90,100,93,103,307,307,300,300,268,301,301,294,291,289,1501,1441]} 1. d4 Nf6 2. c4 g6 3. Nc3 Bg7 4. e4 d6 5. f3 O-O 6. Be3 c5 7. dxc5 dxc5 8. Qxd8 Rxd8 9. Bxc5 Nc6 10. Be3 b6 {E81: King's Indian: Sämisch: 6th move deviations (including 6 Be3 c6).} 11. Rc1 Nd7 12. Nh3 Nc5 {White has an edge.} 13. Nf2 Ba6 14. b3 e6 {[#]} 15. Bxc5 $146 ({Predecessor:} 15. Be2 Nb4 16. O-O Bxc3 17. Rxc3 Nxa2 18. Rc2 Nb4 19. Rb2 f5 20. Ra1 Bb7 21. exf5 gxf5 22. Bxc5 bxc5 {1-0 (74) L'Ami,E (2614)-Ernst,S (2540) Germany 2016}) 15... bxc5 16. Nd3 Nb4 17. Nxc5 Bh6 18. Rd1 Rxd1+ $1 19. Nxd1 (19. Kxd1 $2 Rd8+ 20. Nd5 exd5 $19) 19... Rd8 {Strongly threatening ...Nc2+.} 20. Be2 Bc8 21. Na4 (21. Kf2 $14) 21... Rd2 {[%mdl 1024] Black has compensation.} 22. a3 Nc2+ 23. Kf2 Nd4 ({Of course not} 23... Nxa3 $6 24. Ne3 $14) 24. Ndc3 Rc2 (24... Bd7 $11 25. Nc5 Rc2 26. Nxd7 Rxc3) 25. Rd1 $16 e5 26. Kf1 $1 Be3 {[#]} 27. Rd3 $1 {[%cal Rd3e3]} Rc1+ 28. Bd1 Bg5 29. Ne2 Nxe2 30. Kxe2 Ra1 31. Nc3 Rxa3 32. g3 Be6 33. h4 Be7 34. Nb5 Ra1 35. Nc7 Bh3 {Black wants to play ...Ra2+.} 36. Nd5 $36 {[%mdl 2048] Black is under strong pressure.} Bc5 37. b4 Bd4 38. c5 a5 $2 {Now Black is done in.} (38... Kf8 $16) 39. c6 $18 axb4 {[#]} 40. g4 $1 ({Weaker is} 40. Nxb4 Bb6 $16) 40... Ra2+ 41. Rd2 Bf1+ 42. Kxf1 ({Don't do} 42. Ke1 $6 Rxd2 43. Kxd2 Kf8 $18) 42... Rxd2 43. Ba4 Ra2 $2 (43... b3 44. Bxb3 Rb2) 44. c7 {Accuracy: White = 92%, Black = 69%.} 1-0

[Event "91st GER-ch 2020"]
[Site "Magdeburg"]
[Date "2020.08.20"]
[Round "7.4"]
[White "Dobrikov, Marco"]
[Black "Bindrich, Falko"]
[Result "0-1"]
[WhiteElo "2290"]
[BlackElo "2605"]
[Annotator "TA"]
[PlyCount "54"]
[EventDate "2020.08.16"]
[EventType "swiss"]
[EventCountry "GER"]
[SourceTitle "playchess.com"]
[Source "ChessBase"]
[SourceQuality "1"]

{[%evp 10,54,20,0,32,32,29,23,27,20,36,37,84,0,0,-137,-135,-169,-155,-148,-152,-160,-141,-148,-141,-145,-143,-137,-130,-344,-337,-329,-331,-333,-329,-354,-349,-379,-372,-384,-381,-377,-369,-504,-500,-489,-437]} 1. e4 c6 2. Nf3 d5 3. Nc3 Bg4 4. h3 Bxf3 5. Qxf3 e6 6. d3 g6 {B11: Caro-Kann: Two Knights Variation.} 7. Bd2 Bg7 8. O-O-O Nd7 {[%cal Bb8d7,Bd7c5,Bc5e4,Be4d2][%mdl 32] White has an edge.} 9. g4 Qb6 $5 {[%mdl 4] Leaves trodden paths.} 10. Qg3 Nc5 {[#]} 11. f4 $146 (11. exd5 $16 exd5 12. h4) ({Predecessor:} 11. e5 d4 12. Ne2 O-O-O 13. f4 Ne7 14. Qg1 Na4 15. b3 Nc5 16. Kb1 Na6 17. c4 dxc3 18. Qxb6 axb6 19. Nxc3 {½-½ (32) Durarbayli,V (2606)-Kobalia,M (2614) chess.com INT 2020}) 11... dxe4 {[#]} 12. dxe4 {[#]} (12. d4 $1 $11 {[%mdl 512] remains equal.} Bxd4 13. Be1) 12... Nxe4 $1 $17 {[%mdl 512]} 13. Qe1 (13. Nxe4 Qxb2#) 13... Nxd2 $40 {[%mdl 128] Black wants a kill.} 14. Qxd2 Nf6 15. Na4 Qc7 16. f5 O-O {Hoping for ...Ne4.} 17. fxe6 fxe6 {Threatens to win with ...Ne4.} 18. Nc5 Qe5 19. Qd4 $2 {White does not recover from this.} (19. Qc3 $17 {is the only way for White.} Bh6+ 20. Kb1 Qxc3 21. bxc3) 19... Bh6+ $19 20. Kb1 Qxd4 21. Rxd4 Be3 22. Nxe6 {Black must now prevent Rd3.} Bxd4 23. Nxd4 Ne4 24. Bc4+ Kh8 {And now ...Nd2+ would win.} 25. Kc1 Rae8 26. h4 Nf2 27. Rg1 Re4 {Accuracy: White = 61%, Black = 88%.} 0-1

[Event "91st GER-ch 2020"]
[Site "Magdeburg"]
[Date "2020.08.20"]
[Round "7.5"]
[White "Neurohr, Juergen"]
[Black "Mueller, Dominik"]
[Result "0-1"]
[WhiteElo "2022"]
[BlackElo "2252"]
[Annotator "ChessBase"]
[PlyCount "57"]
[EventDate "2020.08.16"]
[EventType "swiss"]
[EventCountry "GER"]
[SourceTitle "playchess.com"]
[Source "ChessBase"]
[SourceQuality "1"]
[TimeControl "40/5400+30:1800+30"]

1. c4 Nf6 2. Nf3 e6 3. g3 Be7 4. Bg2 d5 5. d4 O-O 6. O-O dxc4 7. Na3 c5 8. dxc5 c3 9. Qc2 Qa5 10. Nc4 Qxc5 11. Qxc3 Nc6 12. Be3 Qh5 13. Nfe5 Nd5 14. Bxd5 exd5 15. Nxc6 bxc6 16. Na5 Bh3 17. Rfe1 Rac8 18. Bc5 Bf6 19. Qd2 Rfe8 20. Rac1 Qe5 21. Bxa7 d4 22. Nb3 Qd5 23. e4 Rxe4 24. Rxe4 Qxe4 25. f4 c5 26. Bxc5 d3 27. Re1 Qa8 28. Be3 Rc2 29. Qd1 0-1

[Event "91st GER-ch 2020"]
[Site "Magdeburg"]
[Date "2020.08.20"]
[Round "7.6"]
[White "Hess, Max"]
[Black "Mons, Leon"]
[Result "1/2-1/2"]
[WhiteElo "2378"]
[BlackElo "2540"]
[Annotator "TA"]
[PlyCount "80"]
[EventDate "2020.08.16"]
[EventType "swiss"]
[EventCountry "GER"]
[SourceTitle "playchess.com"]
[Source "ChessBase"]
[SourceQuality "1"]

{[%evp 9,80,19,31,34,17,14,21,13,12,0,16,39,27,22,35,25,32,0,9,0,9,-14,12,14,16,14,16,17,37,24,65,53,87,88,81,91,96,0,0,0,0,0,0,0,0,0,0,-25,0,0,0,0,0,0,0,0,0,0,0,0,0,0,0,0,0,0,0,0,0,0,0,0,0]} 1. e4 c5 2. Nf3 d6 3. Bb5+ Nd7 4. a4 Ngf6 5. Nc3 g6 6. a5 {B51: Sicilian: Moscow Variation (3 Bb5+) without 3...Bd7.} Bg7 7. a6 O-O 8. O-O Ne8 9. d4 bxa6 10. Bxa6 {[#]} Nc7 $146 ({Predecessor:} 10... Bxa6 11. Rxa6 cxd4 12. Nxd4 Qc8 13. Ra2 Nef6 14. Qe2 Nc5 15. Rd1 a6 16. f3 Qb7 {1-0 (38) Tari,A (2581)-Alekseenko,K (2563) Tarvisio 2017}) 11. Be2 cxd4 12. Nxd4 Bb7 13. Re1 Nc5 14. Bf3 a6 15. Bg5 Bxd4 16. Qxd4 N7e6 17. Qd2 Nxg5 18. Qxg5 e6 19. Qd2 Qb6 20. Red1 Rfd8 {[#]} 21. b4 $1 {[%cal Rb4c5]} Nd7 ({Don't go for} 21... Qxb4 $2 22. Rdb1 $18) 22. Na4 Qb5 23. Qxd6 (23. Be2 $16 Qe5 24. f4) 23... Ne5 $36 {[%mdl 2048] Black is pushing.} 24. Qxd8+ Rxd8 25. Rxd8+ Kg7 26. Nc5 $1 Qxb4 27. Nxb7 Qxb7 28. Rd4 Qb2 29. Rda4 {The position is equal.} Qxc2 30. Rxa6 Qd2 31. R6a3 Qb2 32. R3a2 (32. Ra4 {looks sharper.} Nxf3+ 33. gxf3 Qf6 34. R4a3 Qg5+ 35. Kh1) 32... Nxf3+ 33. gxf3 {[%mdl 4096] Endgame KQ-KRR} Qf6 34. Ra3 Qg5+ 35. Kf1 Qb5+ 36. Kg2 Qg5+ 37. Kf1 Qb5+ 38. Kg2 Qg5+ 39. Kf1 Qb5+ 40. Kg2 Qg5+ {Accuracy: White = 92%, Black = 85%.} 1/2-1/2